000 00571nam a2200205 4500
003 OSt
005 20240605080259.0
006 a
008 240605b |||||||| |||| 00| 0 eng d
020 _a971513162
040 _aDWCL-Main lib.
_cOC
082 _aFil. 320 L431i 2000
100 _aLazarte, Ofelia D.
245 _aIntroduction to political science /
260 _aManila :
_bEducational Publishing,
_cc2000.
300 _b352 pages : illustrations ;
_c27 cm.
650 _a1. Political science.
700 _aOfelia D. Lazarte
942 _2ddc
_n0
_cBK - FIL
_kFil.
999 _c212
_d212